000 00452nam a2200193Ia 4500
005 20240823005613.0
008 240823s9999||||xx |||||||||||||| ||und||
041 _aENGLISH
082 _A621.8 J6
100 _aTimoshenko S
245 0 _aEngineering Mechanics
250 _a4th
260 _c1956
_b"MGH,London"
500 _aTRANSFERED
650 _aMechanics
_bAerospace Engineering
700 _a Young D H
942 _cBK
999 _c156192
_d156192